[Event "Euskadi-chT (Vasca) Div 1st"]
[Site "Bergara"]
[Date "2014.01.11"]
[Round "1.5"]
[White "Rodriguez Gonzalez, Alex"]
[Black "Pena Ugarte, Fco Jesus"]
[Result "0-1"]
[WhiteElo "1987"]
[BlackElo "1813"]
[PlyCount "52"]
[EventDate "2014.01.11"]
[EventType "team-tourn"]
[EventRounds "9"]
[EventCountry "ESP"]
[SourceTitle "EXT 2024"]
[Source "ChessBase"]
[SourceDate "2023.10.10"]
[SourceVersion "1"]
[SourceVersionDate "2023.10.10"]
[SourceQuality "1"]

1. e4 e5 2. Nc3 Nc6 3. f4 exf4 4. Nf3 d6 5. d4 g5 6. h4 Be7 7. Nd5 g4 8. Ng5 h6 9. Nxf7 Bxh4+ 10. Kd2 Kxf7 11. Nxc7 Qxc7 12. Rxh4 Nxd4 13. c3 Nf6 14. cxd4 Nxe4+ 15. Ke1 Qe7 16. Bc4+ Kf8 17. Bxf4 Nc3+ 18. Kd2 Nxd1 19. Rxd1 Qxh4 20. Bxd6+ Ke8 21. Rf1 Qg5+ 22. Kd1 Bd7 23. Bf7+ Kd8 24. Be5 Rh7 25. Bf6+ Qxf6 26. Rxf6 Ke7 0-1